|
|
|
|
| LEADER |
01001nam a22002657a 4500 |
| 001 |
39584 |
| 003 |
BD-DhAAL |
| 008 |
221011t1999 enka b 001 0 eng d |
| 999 |
|
|
|c 44939
|d 44939
|
| 020 |
|
|
|a 0333744721 (paperback)
|
| 020 |
|
|
|a 0333744713 (hardback)
|
| 020 |
|
|
|a 9780333744727
|
| 040 |
|
|
|a BD-DhAAL
|c BD-DhAAL
|
| 082 |
0 |
0 |
|a 306
|
| 100 |
1 |
|
|a Hendry, Joy.
|9 51738
|
| 245 |
1 |
0 |
|a An introduction to social anthropology :
|b other people's worlds /
|c Joy Hendry.
|
| 260 |
|
|
|a London :
|b Macmillan Press,
|c 1999.
|
| 300 |
|
|
|a xiv, 249 pages :
|b illustrations ;
|c 24 cm.
|
| 504 |
|
|
|a Includes bibliographical references and index.
|
| 541 |
|
|
|a Donated By Akbar Ali Khan
|e 39584
|
| 650 |
|
0 |
|a Ethnology.
|9 51739
|
| 650 |
|
0 |
|a Social sciences.
|9 51740
|
| 852 |
|
|
|a Ayesha Abed Library
|c Akbar Ali Khan Collection
|
| 942 |
|
|
|2 ddc
|c BK
|
| 952 |
|
|
|0 0
|1 0
|2 ddc
|4 0
|6 306_000000000000000_HEN
|7 1
|9 71916
|a BRACUL
|b BRACUL
|c AAKC
|d 2022-10-11
|e Donated by Akbar Ali Khan
|l 0
|o 306 HEN
|p 3010039584
|r 2022-10-11
|t 1
|w 2022-10-11
|y BK
|